000 00611nam a2200217Ia 4500
008 101110s9999 xx 000 0 und d
041 _aENGLISH
082 _bSR28713
100 _aChopde L.N. and Choudhari D.H.
245 _aFinance and cost accounting BMS series 1st semester
260 _c2006
_bSheth Publication, Mumbai
300 _a474
365 _b135
520 _aB.M.S.
546 _aENGLISH
630 _aFinance and cost accounting BMS series 1st semester
650 _aB.M.S.
655 _aB.M.S.
730 _aFinance and cost accounting BMS series 1st semester
942 _cBOOK
999 _c821240
_d821237